The power of public ideas
The Power of Public Ideas offers a controversial, timely, and incisive analysis of the impact of the public interest on governmental policy making
Đã lưu trong:
| Format: | Bog |
|---|---|
| Sprog: | Undetermined |
| Udgivet: |
Cambridge
Ballinger
1990
|
| Fag: | |
| Tags: |
Tilføj Tag
Ingen Tags, Vær først til at tagge denne postø!
|
| Thư viện lưu trữ: | Trung tâm Học liệu Trường Đại học Cần Thơ |
|---|
| LEADER | 00746nam a2200205Ia 4500 | ||
|---|---|---|---|
| 001 | CTU_220037 | ||
| 008 | 210402s9999 xx 000 0 und d | ||
| 020 | |c 9 | ||
| 082 | |a 323.0420973 | ||
| 082 | |b P887 | ||
| 245 | 4 | |a The power of public ideas | |
| 245 | 0 | |c Edited by Robert B. Reich | |
| 260 | |a Cambridge | ||
| 260 | |b Ballinger | ||
| 260 | |c 1990 | ||
| 520 | |a The Power of Public Ideas offers a controversial, timely, and incisive analysis of the impact of the public interest on governmental policy making | ||
| 650 | |a Political participation,Policy sciences,Đảng phái chính trị,Khoa học chính trị | ||
| 650 | |z United States,Hoa Kỳ | ||
| 904 | |i Nguyên | ||
| 980 | |a Trung tâm Học liệu Trường Đại học Cần Thơ | ||